Geography Quiz

Random Geography or City Quiz

10 Biggest Cities In Oklahoma Quiz Stats

 Plays Quiz not verified by Sporcle

Score 0/10 Timer 10:00
0 Plays Today
City % Correct
Oklahoma City
100%
Tulsa
100%
Norman
94.2%
Broken Arrow
73.3%
Lawton
69.8%
Stillwater
67.4%
Enid
65.1%
Edmond
61.6%
Moore
45.3%
Midwest City
40.7%

You're not logged in!

Compare scores with friends on all Sporcle quizzes.
OR
Log In

Show Comments

Extras

Created Feb 14, 2012ReportNominate
Tags:City Quiz, biggest, oklahoma

Top Quizzes Today


Score Distribution

Your Account Isn't Verified!

In order to create a playlist on Sporcle, you need to verify the email address you used during registration. Go to your Sporcle Settings to finish the process.

Report this User

Report this user for behavior that violates our Community Guidelines.

Details: